<?xml version="1.0" encoding="UTF-8"?><?xml-stylesheet type="text/xsl" href="static/style.xsl"?><OAI-PMH xmlns="http://www.openarchives.org/OAI/2.0/" xmlns:xsi="http://www.w3.org/2001/XMLSchema-instance" xsi:schemaLocation="http://www.openarchives.org/OAI/2.0/ http://www.openarchives.org/OAI/2.0/OAI-PMH.xsd"><responseDate>2026-04-27T21:44:18Z</responseDate><request verb="GetRecord" identifier="oai:uvadoc.uva.es:10324/52428" metadataPrefix="marc">https://uvadoc.uva.es/oai/request</request><GetRecord><record><header><identifier>oai:uvadoc.uva.es:10324/52428</identifier><datestamp>2022-03-14T21:52:03Z</datestamp><setSpec>com_10324_38</setSpec><setSpec>col_10324_787</setSpec></header><metadata><record xmlns="http://www.loc.gov/MARC21/slim" xmlns:doc="http://www.lyncode.com/xoai" xmlns:xsi="http://www.w3.org/2001/XMLSchema-instance" xmlns:dcterms="http://purl.org/dc/terms/" xsi:schemaLocation="http://www.loc.gov/MARC21/slim http://www.loc.gov/standards/marcxml/schema/MARC21slim.xsd">
<leader>00925njm 22002777a 4500</leader>
<datafield tag="042" ind1=" " ind2=" ">
<subfield code="a">dc</subfield>
</datafield>
<datafield tag="720" ind1=" " ind2=" ">
<subfield code="a">Pastor Cobas, Isabel</subfield>
<subfield code="e">author</subfield>
</datafield>
<datafield tag="260" ind1=" " ind2=" ">
<subfield code="c">2021</subfield>
</datafield>
<datafield tag="520" ind1=" " ind2=" ">
<subfield code="a">Presentamos una propuesta didáctica sobre la alimentación y cocina romanas basada en el Aprendizaje Basado en Proyectos para Latín de 4º de ESO. Es interdisciplinar porque participan los alumnos de la asignatura optativa Cultura Científica. Está acompañada de un breve análisis de las fuentes clásicas latinas que hacen referencia a los temas más importantes y representativos de la alimentación y cocina romanas, así como de una explicación somera de la metodología empleada, el ABP.</subfield>
</datafield>
<datafield tag="520" ind1=" " ind2=" ">
<subfield code="a">We present a didactic proposal on Roman food and cuisine based on Project-Based Learning and targeted to 4th ESO students of Latin. It is interdisciplinary because it involves the participation of students from the optional subject Scientific Culture. It is accompanied by a brief analysis of classical Latin quotations that refer to the most important and representative topics of Roman food and cuisine, as well as a concise explanation of the methodology used, the PBL.</subfield>
</datafield>
<datafield tag="024" ind2=" " ind1="8">
<subfield code="a">https://uvadoc.uva.es/handle/10324/52428</subfield>
</datafield>
<datafield tag="245" ind1="0" ind2="0">
<subfield code="a">PROSIT! Una propuesta didáctica sobre alimentación y cocina romanas basadas en el ABP</subfield>
</datafield>
</record></metadata></record></GetRecord></OAI-PMH>